00420nam a2200145Ia 45000030006000000050017000060080041000230400009000640410012000730820017000851000009001022450146001112600009002573000008002660Nust20170105110301.0161124s9999 xx 000 0 und d cIGIS aEnglish a910.285bESR aESRI aGovernment of pakistan ministry of Food and Agriculture and CO-operatives Soil Survey of Pakistan Reconnaissance Soil Survery SALT RANGE 1975 c2003 a140